| 000 | 00393nam a22001577a 4500 | ||
|---|---|---|---|
| 003 | NUST | ||
| 005 | 20230125103127.0 | ||
| 082 | _a891.733,TOL | ||
| 100 |
_aTolstoy, Leo _93266 |
||
| 245 |
_aWar and peace / _cLeo Tolstoy, |
||
| 260 |
_aServices Book Club _bGHQ _c1993 |
||
| 300 | _axxix, 991 p | ||
| 650 |
_aWar and peace _9107601 |
||
| 651 |
_aWordsworth Classics _9107602 |
||
| 942 |
_2ddc _cBK |
||
| 999 |
_c592989 _d592989 |
||